000 00465nam a2200181Ia 4500
005 20250923150219.0
008 008 250917s9999 xx 000 0 eng d
037 _aTextual
040 _aDSWL
_beng
_cDSWL
041 _aeng
_2eng
084 _qDSWL
100 _aWebb, Sa
_9843462
245 0 _aSocial Work in a Risk Society
_cby Sa Webb
260 _aNew York
_b Routledge
_c2006
300 _a278 p.
942 _cTEXL
999 _c1460872
_d1460872